| 000 | 01396nam a2200421 a 4500 | ||
|---|---|---|---|
| 001 | vtls000050012 | ||
| 003 | NLI | ||
| 005 | 20210601190146.0 | ||
| 008 | 101125s1970 ii f000 0 eng | ||
| 020 | _aRs. 5.00 | ||
| 039 | 9 |
_y201011250453 _zVLOAD |
|
| 040 | 0 |
_aNLI _beng _cVERGIS-2003 |
|
| 041 | 0 | _aeng | |
| 044 | _aii | ||
| 082 | 0 | 4 | _a312 |
| 110 | 1 |
_aBihar _bOffice of the Registrar General _9128127 |
|
| 240 | 1 | 0 | _a[Census of India, 1961] |
| 245 | 1 | 0 |
_aSpecial migration tables on Dhanbad - Jharia - Sindri town - group, pt.10 (i): _bvol.4, Bihar/ _cOffice of the Registrar General, Govt of Bihar |
| 260 |
_aIndia: _bThe Manager of Publications, _c1970 |
||
| 300 |
_av, 284p.; _c28 cm. |
||
| 500 | _aLibrary has 2 Cops. | ||
| 500 | _aAt head of title Census of India, 1961 | ||
| 546 | _aeng | ||
| 650 | 0 |
_aDemography _zIndia _zBihar |
|
| 650 | 0 |
_aRural population _zIndia _zBihar |
|
| 650 | 0 |
_aCity dwellers _zIndia _zBihar |
|
| 651 | 0 |
_aBihar(India) _xCensus _y1961 _9129189 |
|
| 651 | 0 |
_aBihar(India) _xPopulation _xStatistics _y1961 _9129190 |
|
| 887 | _a | ||
| 901 |
_aI.O.D.83032 _b24/5/77 (1961) v.4 pt.10 (i) |
||
| 901 |
_aI.O.D.61083 _b23/4/71 (1961) v.4 pt.10(i) Cop.2 |
||
| 902 | _aG.P. 312 (54) In 2 | ||
| 906 | _a2145 | ||
| 906 | _a2146 | ||
| 942 |
_2ddc _cBKS |
||
| 999 |
_aVIRTUA _c53772 _d53772 |
||
| 999 | _aVTLSSORT0200*5460*9010*9011*9020*9060*9061*9490*9491*9991 | ||